000
00433nam a2200133Ia 4500
008
100328s9999 xx 000 0 und d
082
_b
36635
100
_a
पाटेकर श्रीकांत
245
_a
जहरिली नागिन
260
_b
डायमंड पॉकेट बुक्स
630
_a
जहरिली नागिन
730
_a
जहरिली नागिन
942
_c
BOOK
999
_c
526255
_d
526252